Sự phát triển của các học thuyết kinh tế

Shranjeno v:
Bibliografske podrobnosti
Glavni avtor: Nguyễn Văn Trình
Format: Knjiga
Jezik:Undetermined
Izdano: H. Lao động 2002
Teme:
Oznake: Označite
Brez oznak, prvi označite!
Thư viện lưu trữ: Trung tâm Học liệu Trường Đại học Cần Thơ
LEADER 00509nam a2200181Ia 4500
001 CTU_56669
008 210402s9999 xx 000 0 und d
020 |b 20000 
082 |a 330.1 
082 |b Tr312 
100 |a Nguyễn Văn Trình 
245 0 |a Sự phát triển của các học thuyết kinh tế 
245 0 |c Nguyễn Văn Trình 
260 |a H. 
260 |b Lao động 
260 |c 2002 
650 |a economics 
980 |a Trung tâm Học liệu Trường Đại học Cần Thơ